Guess the Movie in 3 Words Quiz Stats

 Plays Quiz Updated Aug 24, 2018

Score 0/60 Timer 09:00
7 Plays Today
% Correct
Mary Poppins
91%
Back to the Future
90.3%
The Wizard of Oz
89.7%
The Sixth Sense
88.1%
Doctor Dolittle
87.9%
Raiders of the Lost Ark
86.5%
Planet of the Apes
86.3%
The Silence of the Lambs
86.2%
The Exorcist
86%
The Godfather
83%
The Matrix
82.9%
Psycho
82.8%
The Shawshank Redemption
82%
Ben-Hur
80.9%
The Sound of Music
80.2%
American Beauty
79.9%
The Terminator
77.4%
Die Hard
76.8%
Jerry Maguire
76.6%
One Flew Over the Cuckoo's Nest
76.4%
Se7en
75.8%
Oliver!
75.6%
West Side Story
74.3%
Apocalypse Now
73.6%
Dirty Harry
73.6%
Miracle on 34th Street
73.1%
The Shining
72.8%
M*A*S*H
72.7%
Alien
72.7%
The King and I
71.8%
% Correct
Rain Man
70.2%
Dead Poets Society
70%
Monsters, Inc.
69.6%
Citizen Kane
69.5%
Rear Window
68.8%
Fargo
68.2%
The Great Dictator
66.5%
Erin Brockovich
65.2%
Blade Runner
63.8%
Memento
62.9%
Witness
62.5%
Dr. Strangelove or: How I Learned to Stop Worrying and Love the Bomb
61.7%
Network
61.6%
Fatal Attraction
61.2%
Gone with the Wind
61.1%
A Clockwork Orange
61%
It's a Wonderful Life
60.4%
The Deer Hunter
59.8%
Invasion of the Body Snatchers
59.7%
On the Waterfront
58.7%
North by Northwest
57.1%
The Usual Suspects
56.6%
Bullitt
54.6%
Some Like It Hot
51.9%
The Day the Earth Stood Still
50.4%
Cool Hand Luke
49.4%
Butch Cassidy and the Sundance Kid
48%
Breaking Away
47.2%
Young Frankenstein
46%
The Treasure of the Sierra Madre
45.5%

You're not logged in!

Compare scores with friends on all Sporcle quizzes.
OR
Log In

Sporcle TV

Today on Sporcle TV


Watch our educational content, quiz creation guides, and fun videos on Sporcle TV.

Show Comments

Extras

Top Quizzes Today


Score Distribution

Your Account Isn't Verified!

In order to create a playlist on Sporcle, you need to verify the email address you used during registration. Go to your Sporcle Settings to finish the process.

Report this User

Report this user for behavior that violates our Community Guidelines.

Details: